000 00967nam a2200289 i 4500
001 000010506
003 DO-SdBNP
005 20250717074015.0
007 ta
008 091007s1986 dr r 000 p spa d
040 _aDO-SdBNP
_bspa
_cBNPHU
_erda
082 4 _aRD861.44
_bM491i
_222
100 1 _aMedina, Oquendo,
_d1955-
_eautor
_4aut.
_914493
245 1 0 _aImágenes de luces y sombras /
_cOquendo Medina.
264 4 _aSanto Domingo :
_bBiblioteca Nacional Pedro Henríquez Ureña (BNPHU),
_c©1986.
300 _a71 páginas ;
_c20 cm.
336 _atexto
_btxt
_2rdacontent
337 _asin mediación
_bn
_2rdamedia
338 _avolumen
_bnc
_2rdacarrier
490 0 _aColección Orfeo
590 _aInventariado, 2018/BT
650 7 _aPoesía dominicana
_966
_2LEMB
650 7 _aLiteratura dominicana.
_967
_2LEMB
710 2 _aBiblioteca Nacional Pedro Henríquez Ureña
_981292
910 _aValidado. Control de calidad. MMOLINA
942 _2ddc
_cLBS1
999 _c10265
_d10265